| 000 | 08410nam a22006977a 4500 | ||
|---|---|---|---|
| 005 | 20110630114551.0 | ||
| 008 | 110630t xxu||||| |||| 00| 0 eng d | ||
| 010 | _aENG-102839 B-452828-867 | ||
| 020 |
_c150.00 _a9788176781428 |
||
| 035 | _aEN-86372 B-452828-867 | ||
| 037 | _bDBAD/PUB | ||
| 040 |
_adpl _bEnglish |
||
| 082 | _a342.540853 | ||
| 100 |
_929042 _aNiraj Kumar |
||
| 245 |
_aAn introduction to right to information : _bwith Right to Information Act ,2005 / _cby Niraj Kumar |
||
| 260 |
_aLucknow _bBharat Book Centre _c2010 |
||
| 270 |
_a17, Ashok Marg, _bLucknow _e226001 |
||
| 300 |
_a165p. _b24cm (pbk) |
||
| 942 |
_2ddc _cEN _mNIR _h342.540853 |
||
| 999 |
_c53550 _d53550 |
||